MTNL J T O recruitment exam. objective questions with detailed answers / (Record no. 24225)
[ view plain ]
| 000 -LEADER | |
|---|---|
| fixed length control field | 00885nam a22002057a 4500 |
| 005 - DATE AND TIME OF LATEST TRANSACTION | |
| control field | 20080922101333.0 |
| 008 - FIXED-LENGTH DATA ELEMENTS--GENERAL INFORMATION | |
| fixed length control field | 080922t xxu||||| |||| 00| 0 eng d |
| 020 ## - INTERNATIONAL STANDARD BOOK NUMBER | |
| Terms of availability | 269.00 |
| International Standard Book Number | 978-81-7515-600-5 |
| 037 ## - SOURCE OF ACQUISITION | |
| Source of stock number/acquisition | Galgotia Publications |
| 040 ## - CATALOGING SOURCE | |
| Original cataloging agency | dpl |
| Language of cataloging | English |
| 082 ## - DEWEY DECIMAL CLASSIFICATION NUMBER | |
| Classification number | 000 |
| 100 ## - MAIN ENTRY--PERSONAL NAME | |
| Personal name | Karna, Satish K. |
| 245 ## - TITLE STATEMENT | |
| Title | MTNL J T O recruitment exam. objective questions with detailed answers / |
| Statement of responsibility, etc | by Satish K. Karna |
| 260 ## - PUBLICATION, DISTRIBUTION, ETC. (IMPRINT) | |
| Place of publication, distribution, etc | New Delhi |
| Name of publisher, distributor, etc | Galgotia Publications |
| Date of publication, distribution, etc | 2009 |
| 270 ## - ADDRESS | |
| Address | 5, Ansari Road, Darya Ganj |
| City | New Delhi |
| Postal code | 110002 |
| Telephone number | 23263334, 23288134 |
| Fax number | 23281909 |
| Electronic mail address | gppl@indiatimes.com |
| 300 ## - PHYSICAL DESCRIPTION | |
| Extent | vi, 576p |
| Dimensions | 25cm (pbk) |
| 942 ## - ADDED ENTRY ELEMENTS (KOHA) | |
| Source of classification or shelving scheme | Dewey Decimal Classification |
| Item type | English Books |
| Call number suffix | KAR |
| Classification part | 000 |
| Withdrawn status | Lost status | Source of classification or shelving scheme | Damaged status | Not for loan | Collection code | Home library | Current library | Date acquired | Cost, normal purchase price | Total Checkouts | Full call number | Date last seen | Cost, replacement price |
|---|---|---|---|---|---|---|---|---|---|---|---|---|---|
| Dewey Decimal Classification | Ordered | Non-fiction | Andrews Gunj | Andrews Gunj | 24/02/2009 | 269.00 | 000 KAR | 24/02/2009 | 269.00 |
